| 000 | 00389nam a22001697a 4500 | ||
|---|---|---|---|
| 003 | SGT | ||
| 020 | _a9780352702380 | ||
| 082 |
_a616 _bM18A |
||
| 100 | _aALAGAPPAN , R. | ||
| 245 | _aMANUAL OF PRACTICAL MEDICINE | ||
| 250 | _a6TH | ||
| 260 |
_aNEW DELHI _bJAYPEE PUB. _c2018 |
||
| 300 | _a1018 | ||
| 650 | _aMEDICINE | ||
| 653 | _aMANUAL, PRACTICAL, MEDICINE | ||
| 942 |
_2ddc _cBK _023 |
||
| 999 |
_c22867 _d22867 |
||